Tìm hiểu những quy định xử phạt vi phạm hành chính về quốc phòng, an ninh, trật tự an toàn giao thông đường bộ, đường sắt, đường thuỷ nội địa và bảo vệ môi trường

Đã lưu trong:
Bibliografiske detaljer
Hovedforfatter: NGUYỄN NGỌC ĐIỆP
Format: Bog
Sprog:Undetermined
Udgivet: Hà Nội CAND 2002
Fag:
Tags: Tilføj Tag
Ingen Tags, Vær først til at tagge denne postø!
Thư viện lưu trữ: Trung tâm Học liệu Trường Đại học Cần Thơ
LEADER 00742nam a2200169Ia 4500
001 CTU_48201
008 210402s9999 xx 000 0 und d
082 |a 343.597093 
082 |b Đ307 
100 |a NGUYỄN NGỌC ĐIỆP 
245 0 |a Tìm hiểu những quy định xử phạt vi phạm hành chính về quốc phòng, an ninh, trật tự an toàn giao thông đường bộ, đường sắt, đường thuỷ nội địa và bảo vệ môi trường 
245 0 |c NGUYỄN NGỌC ĐIỆP 
260 |a Hà Nội 
260 |b CAND 
260 |c 2002 
650 |a traffic regulation - vietnam,traffic safety - vietnam 
980 |a Trung tâm Học liệu Trường Đại học Cần Thơ